000 00492nam a2200169 a 4500
005 20241210063748.0
008 991125s1957 mx 000 0 spa u
035 _aUPN01000004148
049 _aLT
050 4 _aLB1578 A3
_bO8
245 0 0 _aAprendo a leer :
_bprimera parte
260 _aItzimiquilpan, Hidalgo :
_bPatrimonio Indígena del Valle del Mezquital,
_c1957.
300 _a43 p. :
_bil.
500 _aDatos tomados de la cubierta
650 4 _aCartilla otomí
_98149
905 _aLibro
999 _c4148
_d4148